00701nam a2200241 a 4500001001300000003000900013005001700022008004100039020001000080082001500090100002200105245005100127260004200178300000900220500003500229505001000264650001300274700002200287902000800309942000700317952011800324999001700442nice12345678IN_TiNIC20260116014955.0050524s1955 graa grp 000 0 eng  ac14100a266.2bSOL aSoltau, T Stanley aMissions at the Crossroadsb Indigenous Shurch aGrand RapidsbBaker Book House c1955 a188p aincludes index and biblioraphy2 aIndex aMissions1 aSoltau, T Stanley bSRS cBK 001040708StackRoom-aHMIbHMId2007-07-12g141.00l0o266.2 SOLp11000052r2007-07-12v141.00w2005-05-24yBK c17785d17785